| 000 | 01121nam a2200301 a 4500 | ||
|---|---|---|---|
| 001 | vtls000968669 | ||
| 003 | NLI | ||
| 005 | 20210627095142.0 | ||
| 008 | 120112m1891uuuuenkbc 000 0 eng | ||
| 039 | 9 |
_a201701251711 _bprasenjits _y201201121759 _zEntertech_02 |
|
| 040 | 0 |
_aNLI _beng _cEntertech-2011 _eAACR2 |
|
| 041 | 1 | _aeng | |
| 044 | _aenk | ||
| 084 | _a67.F.49 | ||
| 100 | 1 |
_aBonvalot, Gabriel, _d1853-1933 _9909525 |
|
| 245 | 1 | 0 |
_aAcross Thibet : _bbeing a translation of de Paris Au Tonking a travers Le Tibet inconnu / _cby Gabriel Bonvalot ; translated by C. B. Pitman |
| 260 |
_aLondon : _bCassell, _c1891- |
||
| 300 |
_a2v. : _bmap, port. ; _c23 cm. |
||
| 651 | 0 |
_aTibet Autonomous Region (China) _xDescription and travel _9705506 |
|
| 651 | 0 |
_aAsia, Central _xDescription and travel _9685286 |
|
| 700 | 1 |
_aPitman, C. B., _4trl _9909526 |
|
| 887 | _a | ||
| 901 |
_aIMP53149 : _b12.08.2010 _9v.1 |
||
| 901 |
_aIMP53150 : _b12.08.2010 _9v.2 |
||
| 902 | _a67.F.49 | ||
| 999 |
_aVIRTUA _c793113 _d793113 |
||
| 942 |
_2ddc _cBKS |
||
| 999 | _aVTLSSORT0080*0400*0410*0440*0840*1000*2450*2600*3000*6510*6511*7000*9010*9011*9020*9490*9491*9992 | ||